=LDR 00000nam 2200000 4500 =001 INLIS000000000001014 =005 20230317100238 =035 ##$$a 0010-0323000137 =007 ta =008 230317################g##########0#ind## =020 ##$$a 979-95978-172-1 =082 ##$$a 153.42 =084 ##$$a 153.42 DHA m =100 #$$a Dharma Santika Putra =245 1#$$a Menterjemahkan Otonomi Daerah Tanpa Basa-Basi : $b (Pokok-pokok Pikiran Prof. Dr. Drg. I Gede Winasa) /$c Dharma Santika Putra =250 ##$$a Cetakan 1 =260 ##$$a Bali :$b Komunitas Kertas Budaya Jembrana,$c 2004 =300 ##$$a xxx +232 halaman : $b Ilustrasi ; $c 19 cm =650 #4$$a Otonomi Daerah =700 #$$a Kansas, Nanoq Da =520 ##$$a Apa yang ditawarkan Prof. Winasa sebagai therapy dalam rangka mengelola setiap potensi dan peluang bagi daerahnya, tentu dapat digunakan sebagai lawan dialog bagi daerah-daerah lain, di tengah-tengah upaya menterjemahkan setiap program dan kebijakan pembangunan di daerahnya masing-masing. Atau dapat digunakan bagi siapa saja, yang mencoba untuk menyapa dan memahami, bagaimana harus mengelola potensi yang tidak begitu besar dari sebuah daerah yang sebelumnya sserba terbatas, sehingga akhirnya mampu memberikan kesejahteraan yang optimal bagi masyarakat.